000 00873nam a22002297a 4500
999 _c515
_d515
003 AR-CdUCM
008 190223b ||||| |||| 00| 0 eng d
040 _aMUNICIPALIDAD PROVINCIAL DEL CUSCO
_cBIBLIOTECA MUNICIPAL DEL CUSCO
082 _a956.94 /
_bG939
100 _aGuevara Bazan, Rafael
_91999
245 _aEl Sionismo :
_bLa mayor estafa del siglo XX /
_cRafael Guevara Bazan
260 _aPerú :
_bEsergraf S. A. ;
_c1981.
300 _a227 páginas. :
_c20 cm.
505 _aPalestina: La geografía y la historia -- La organización sionista mundial -- El regandismo -- Conferencia de paz de Versalles -- Palestina bajo el mandato británico ...
650 _aPalestina
_9814
650 _aSionismo
_92000
650 _aJudíos
_9358
650 _aConferencia de Londres
_92001
650 _aNazismo
_92002
942 _2ddc
_cLIBROS
945 _anom
_d2019-02-23